Quan hệ Việt Nam - Hoa Kỳ 1994-2010 /
Uloženo v:
| Hlavní autor: | |
|---|---|
| Médium: | Neznámo |
| Vydáno: |
2011.
|
| Tagy: |
Přidat tag
Žádné tagy, Buďte první, kdo otaguje tento záznam!
|
| Thư viện lưu trữ: | Mạng thư viện Đại học Đà Nẵng |
|---|
| LEADER | 00512na a2200193 4500 | ||
|---|---|---|---|
| 001 | 000032820 | ||
| 003 | 8944 | ||
| 005 | 20220608091335.0 | ||
| 008 | 151002s2011 000 | ||
| 082 | |a 420.30 |b BU-L | ||
| 100 | |a Bùi Thị Phương Lan | ||
| 245 | 0 | |a Quan hệ Việt Nam - Hoa Kỳ 1994-2010 / |c Bùi Thị Phương Lan. | |
| 260 | |c 2011. | ||
| OWN | |a LNN | ||
| 999 | |a From the UDN01 | ||
| TYP | |a Printed language | ||
| 980 | |a Mạng thư viện Đại học Đà Nẵng | ||